LEADER 00833nam a2200217 i 4500 001 000000034420 003 CaOOAMICUS 005 20061016000000.0 008 061016n it u000 u ita u 013 $a860 040 $aSeMil$bita 245 10$aItalia :$b1905-1968 /$ccon uno scritto di Gianandrea Gavazzeni. 300 $a308 p. :$bill. 650 4$aBergamo.$0(OLS)http://semarc/subject/1971 650 4$aDisegno.$0(OLS)http://semarc/subject/5858 700 1 $aGavazzeni, Gianandrea.$0(OLS)http://semarc/name/15792 773 0 $aAngelini, Luigi$tDisegni di viaggio.$dBergamo : Poligrafiche Bolis, 1982-$g2$w()16575 850 $aSeMil 852 $aSeMil$W1$xVenegono$y1$m5K IX 29$j575$B575$CSeMilBibl$Z2$F575 $8I 961 $aOmaggio: Pirovano don Angelo 996 $6245$aItalia :$b1905-1968$9(OLS)http://semarc/title/46561 LEADER 03157nam a2200505 i 4500 001 000000110241 003 CaOOAMICUS 005 20021126000000.0 008 021126s2002 gw u000 u ger u 013 $a82922 020 $a3-11-017599-1 040 $aSeMil$bita 100 1 $aInternationalen Fachkonferenz zu Marcion <2001 ; Mainz>.$0(OLS)http://semarc/name/46245 245 10$aMarcion und seine kirchengeschichtliche Wirkung :$bVorträge der Internationalen Frachkonferenz zu Marcion, gehalten vom 15. 246 01$aMarcion and His Impact on Church History 260 $aBerlin :$bDe Gruyter,$c2002. 300 $aXI, 333 p. ;$c25 cm. 490 0 $aTexte und Untersuchungen zur Geschichte der altchristlichen Literatur ;$vBand150 500 $aContiene : Auswahlbibliographie. 600 04$aMarcione : di Sinope.$0(OLS)http://semarc/subject/19608 700 1 $aMeiser, Martin.$0(OLS)http://semarc/name/38178 700 1 $aGreschat, Katharina.$0(OLS)http://semarc/name/46247 700 1 $aMay, Gerhard <1940-2007>.$0(OLS)http://semarc/name/46246 774 0 $aGiammancheri, Enzo $t?dimensione culturale» del pontificato di Paolo 6..$w()304343 774 0 $aEnrico Baldovino : di Rovasenda $tPaolo 6. e la ricerca scientifica.$w()304344 774 0 $aMascherpa, Giorgio$tPaolo 6. e l'arte.$w()304345 774 0 $aGoldie, Rosemary <1916-2010>$tDonna protagonista della cultura nel magistero di Paolo 6.$w()304346 774 0 $aColombo, Giovanni $tCultura e la fisionomia spirituale di Paolo 6.$w()304347 774 0 $aMontanari, Fausto <1907-2000>$tGiovanni Battista Montini assistente della FUCI.$w()304348 774 0 $aBranca, Vittore <1913-2004>$tCultura come preghiera in una «direttiva» spirituale di Paolo 6.$w()304349 774 0 $aLanza, Franco <1926-2007>$tPostilla su Paolo 6. e la poesia.$w()304350 774 0 $aPeri, Vittorio <1932-2006>$tDimensione italiana della cultura di G.B. Montini.$w()304351 774 0 $aColombo, Giuseppe $tSenso cristiano della cultura in Paolo 6.$w()304352 774 0 $aGuitton, Jean <1901-1999>$tTémoignage.$w()304353 774 0 $aLourdusamy, D. Simon $tPaolo 6. e l'incontro con le culture.$w()304354 774 0 $aGarrigues y Díaz Cañabate, Antonio$tTestimonianza.$w()304355 774 0 $aPoupard, Paul $tEredità di Paolo 6..$w()304357 830 0$aTexte und Untersuchungen zur Geschichte der altchristlichen Literatur ;$vBand150.$0(OLS)http://semarc/title/199 850 $aSeMil 852 $aSeMil$W1$xVenegono$y1$m2U IV 247$j66147$B66147$CSeMilBibl$Z2$F73160 $81 961 $aSottoscrizione: De Gruyter 996 $6020$a3-11-017599-1$9(OLS)http://semarc/number/91913 996 $6245$aMarcion und seine kirchengeschichtliche Wirkung :$bVorträge der Internationalen Frachkonferenz zu Marcion, gehalten vom 15$9(OLS)http://semarc/title/160224 996 $6246$aMarcion and His Impact on Church History$9(OLS)http://semarc/title/160225 996 $6260$aBerlin :$bDe Gruyter$9(OLS)http://semarc/publisher/29658